000 00189nam a2200097Ia 4500
100 _aMudge/Arthur E.
942 _cBK
245 _aValue Engineering
260 _bMcGraw Hill
300 _a286
999 _c31935
_d31935